Tratado de la naturaleza humana: autobiografía

محفوظ في:
التفاصيل البيبلوغرافية
المؤلف الرئيسي: Hume, David (مؤلف)
التنسيق: كتاب
اللغة:الإسبانية
منشور في: Madrid, España Tecnos 1988
سلاسل:Clásicos del pensamiento
الموضوعات:
الوسوم: إضافة وسم
لا توجد وسوم, كن أول من يضع وسما على هذه التسجيلة!

MARC

LEADER 00000nam a2200000 a 4500
001 UCV0169
003 CL-VaPUC
005 20210506001519.0
008 880517e19880000SP |||||||||||||||||spa|d
999 |c 208862  |d 208860 
040 |c Pontificia Universidad Católica de Valparaíso 
082 0 4 |a 192 HUM 1988  |2 21 
100 |a Hume, David  |e author  |9 858138 
245 1 0 |a Tratado de la naturaleza humana: autobiografía 
260 |a Madrid, España  |b Tecnos  |c 1988 
300 |a 841 páginas  
440 |a Clásicos del pensamiento  |9 856849 
583 |a last modification  |c 20190914 10:29:42  |k Rodrigo Vera 
650 0 |a Empirismo  |9 255037 
650 0 |a Teoría del conocimiento   |9 255038 
852 |a BIBDER 
942 |c BK  |2 ddc 
945 |d 19880517 00:00:00  |a aalvarez 
952 |0 0  |1 0  |4 0  |6 192_000000000000000_HUM_1988  |7 0  |8 A  |9 183823  |a BIBEDU  |b BIBEDU  |d 2019-11-14  |h v.1  |i 2503018  |l 2  |o 192 HUM 1988  |p 2503018  |r 2024-09-02  |s 2024-08-26  |w 2019-11-14  |y BK  |k FIL 
952 |0 0  |1 0  |4 0  |6 192_000000000000000_HUM_1988  |7 0  |8 A  |9 183824  |a BIBEDU  |b BIBEDU  |d 2019-11-14  |h v.2  |i 2503026  |l 2  |o 192 HUM 1988  |p 2503026  |r 2023-11-29  |s 2023-11-29  |w 2019-11-14  |y BK  |k FIL 
952 |0 0  |1 0  |4 0  |6 192_000000000000000_HUM_1988  |7 0  |8 DER_TF  |9 183825  |a BIBDER  |b BIBDER  |d 2019-11-14  |i 2503034  |o 192 HUM 1988  |p 2503034  |r 2019-11-14  |w 2019-11-14  |x Ubicación 4to Piso  |y BK_X  |z Estos recursos deben solicitarse con anticipación  |k DER